000 00293nam a22001337a 4500
008 181016b xxu||||| |||| 00| 0 eng d
020 _a9781563638305
041 _aeng
080 _a615
100 _a5
101 _aFar
245 _aPhysician Desk Reference
_cJames.r
942 _2udc
_cBK
999 _c49887
_d49887